| 000 | 00726nam a22001937a 4500 | ||
|---|---|---|---|
| 003 | OSt | ||
| 005 | 20240919085912.0 | ||
| 008 | 240919b ||||| |||| 00| 0 eng d | ||
| 040 | _cAIMIT LIBRARY | ||
| 100 |
_aDsouza, Shruthi. _e2216202 _9179430 |
||
| 245 |
_aImpact of working environment on employee performance patanjali foods limited Baikampady Mangalore / _cBy Shruthi Dsouza ; Guided by Ravi Kudtarkar |
||
| 260 |
_aMangalore ; _c2024. |
||
| 650 |
_aLiterature review objectives and conceptual framework _9179431 |
||
| 650 |
_aResearch methodology _9179432 |
||
| 650 |
_aData analysis and interpretation _9179433 |
||
| 700 |
_aKudtarkar, Ravi. _eGuide _9179434 |
||
| 856 | _3Patanjali Foods Limited | ||
| 942 |
_2ddc _cPRO |
||
| 999 |
_c231831 _d231831 |
||